Wird geladen...
Complete shorter poems;
| 1. Verfasser: | |
|---|---|
| Weitere Verfasser: | |
| Format: | Printed Book |
| Sprache: | English |
| Veröffentlicht: |
London,
Longman,
1971.
|
| Schriftenreihe: | A Longman paperback
Longman annotated English poets |
| LEADER | 00825cam a2200253 4500 | ||
|---|---|---|---|
| 008 | 720628s1971 enk b 001 0 eng | ||
| 010 | |a 72178552 | ||
| 015 | |a B71-23464 | ||
| 020 | |a 0582484561 | ||
| 082 | 0 | 0 | |a 821/.4 |
| 100 | 1 | |a Milton, John, | |
| 240 | 1 | 0 | |a Poems. |k Selections |
| 245 | 0 | 0 | |a Complete shorter poems; |c edited by John Carey. |
| 260 | |a London, |b Longman, |c 1971. | ||
| 300 | |a xx, 531 p. |c 22 cm. | ||
| 350 | |a £1.50 | ||
| 490 | 0 | |a A Longman paperback | |
| 490 | 0 | |a Longman annotated English poets | |
| 504 | |a Bibliography: p. [522]-526. | ||
| 700 | 1 | |a Carey, John, | |
| 906 | |a 7 |b cbc |c orignew |d 4 |e ncip |f 19 |g y-gencatlg | ||
| 942 | |c BK | ||
| 999 | |c 200109 |d 200109 | ||
| 952 | |0 0 |1 0 |4 0 |6 821_400000000000000_MIL_C |7 0 |9 221486 |a ENG |b ENG |c ST1 |d 2017-05-20 |i 11205 |l 0 |o 821.4 MIL/C |p ENG11205 |r 2017-05-20 |w 2018-08-21 |y BK | ||